[Event "2. Bundesliga Ost 2016/2017"]
[Site "alle Wien"]
[Date "2016.12.03"]
[Round "5"]
[Board "4"]
[White "Knoflicek, Ctibor"]
[Black "Grimm, Daniel"]
[Result "0-1"]
[WhiteElo "2212"]
[BlackElo "2346"]
[PlyCount "108"]
[EventDate "2016.10.15"]
[EventType "team"]
[EventRounds "11"]
[EventCountry "AUT"]
[WhiteTeam "SZ Favoriten"]
[BlackTeam "SK Sparkasse Bad Voeslau"]

1. e4 Nf6 2. e5 Nd5 3. d4 d6 4. Nf3 Nb6 5. a4 a5 6. exd6 cxd6 7. d5 e5 8. dxe6
Bxe6 9. Bb5+ Nc6 10. Ng5 Qd7 11. O-O Be7 12. Re1 O-O 13. Nxe6 fxe6 14. Nd2 d5
15. Nf3 Bf6 16. Be3 Nc8 17. c3 Nd6 18. Bc5 Rfe8 19. Bd3 Nf7 20. Qc2 g6 21. Rad1
Kg7 22. h4 Qc7 23. h5 Nh8 24. Qd2 Rad8 25. h6+ Kg8 26. Qe3 Rd7 27. Bb6 Qb8 28.
Bc4 Ree7 29. Bc5 Nf7 30. Bxe7 Rxe7 31. Bb3 Qf8 32. Qf4 Bh8 33. Rxd5 exd5 34.
Bxd5 Rxe1+ 35. Nxe1 Qe7 36. Nf3 Bf6 37. Qc4 Ncd8 38. g3 Kf8 39. Nd4 Nxh6 40.
Qb5 Qc7 41. Nb3 b6 42. Nd2 Ndf7 43. Nc4 Bd8 44. Ne3 Kg7 45. Bb3 Qe5 46. Qd7 Be7
47. Kf1 Bc5 48. Nd5 Qf5 49. Qxf5 Nxf5 50. Bc2 Ne7 51. Nf4 Ne5 52. Ne6+ Kf6 53.
Nf8 h6 54. Ke2 Nf5 0-1

[Event "2. Bundesliga Ost 2016/2017"]
[Site "alle Wien"]
[Date "2016.12.03"]
[Round "5"]
[Board "5"]
[White "Brehovsky, Paul"]
[Black "Chulis, Alexander"]
[Result "1-0"]
[WhiteElo "2127"]
[BlackElo "2157"]
[PlyCount "109"]
[EventDate "2016.10.15"]
[EventType "team"]
[EventRounds "11"]
[EventCountry "AUT"]
[WhiteTeam "SK Sparkasse Bad Voeslau"]
[BlackTeam "SZ Favoriten"]

1. d4 d5 2. c4 dxc4 3. e3 Nf6 4. Nf3 e6 5. Bxc4 c5 6. O-O a6 7. a4 Nc6 8. Nc3
cxd4 9. exd4 Be7 10. Qe2 O-O 11. Rd1 Nb4 12. Bg5 h6 13. Bh4 Bd7 14. Ne5 Bc6 15.
Nxc6 bxc6 16. Rac1 Re8 17. Bg3 Qb6 18. Be5 Rad8 19. Ne4 Nxe4 20. Qxe4 Bd6 21.
Rc3 Qc7 22. Bxd6 Rxd6 23. Rg3 Qe7 24. Qe5 f6 25. Qa5 Rd7 26. Bxe6+ Qxe6 27. Re3
Qf7 28. Rxe8+ Qxe8 29. Qxb4 Qe2 30. Rc1 Qd3 31. Qc4+ Qxc4 32. Rxc4 c5 33. Kf1
cxd4 34. Ke2 a5 35. b4 axb4 36. Rxb4 d3+ 37. Kd2 Kf7 38. a5 Ra7 39. Ra4 Ke6 40.
a6 Kd5 41. Kxd3 Kc5 42. Ke4 Kb5 43. Ra1 Kc4 44. Rc1+ Kb5 45. Kd5 Rd7+ 46. Ke6
Ra7 47. Rb1+ Kc5 48. Ra1 Kc6 49. h4 Kc5 50. h5 Kc6 51. g4 Kc5 52. f4 Kc6 53.
Rd1 Kb5 54. Rd7 Rxa6+ 55. Kf5 1-0

[Event "2. Bundesliga Ost 2016/2017"]
[Site "alle Wien"]
[Date "2016.12.03"]
[Round "5"]
[Board "6"]
[White "Miazhynski, Yuri"]
[Black "Haas, Bernhard"]
[Result "1-0"]
[WhiteElo "2059"]
[BlackElo "2013"]
[PlyCount "59"]
[EventDate "2016.10.15"]
[EventType "team"]
[EventRounds "11"]
[EventCountry "AUT"]
[WhiteTeam "SZ Favoriten"]
[BlackTeam "SK Sparkasse Bad Voeslau"]

1. e4 e6 2. Nf3 d5 3. e5 c5 4. b4 cxb4 5. a3 Nc6 6. axb4 Nxb4 7. c3 Nc6 8. d4
f6 9. Bd3 f5 10. Ba3 Bxa3 11. Nxa3 Nh6 12. O-O O-O 13. c4 Nb4 14. c5 Nxd3 15.
Qxd3 Bd7 16. Nb5 Bxb5 17. Qxb5 b6 18. Ra6 bxc5 19. Rxe6 cxd4 20. Rd6 Qe7 21.
Qxd5+ Nf7 22. Rd7 Rad8 23. e6 Rxd7 24. exd7 Qe4 25. Qc5 d3 26. Ng5 Qe2 27. Nxf7
d2 28. Qd5 g6 29. Ng5+ Kg7 30. Ne6+ 1-0

[Event "2. Bundesliga Ost 2016/2017"]
[Site "alle Wien"]
[Date "2016.12.03"]
[Round "5"]
[Board "1"]
[White "Menezes, Christoph"]
[Black "Szabo, Krisztian"]
[Result "1/2-1/2"]
[WhiteElo "2411"]
[BlackElo "2510"]
[PlyCount "58"]
[EventDate "2016.10.15"]
[EventType "team"]
[EventRounds "11"]
[EventCountry "AUT"]
[WhiteTeam "tschaturanga"]
[BlackTeam "ASVOE Mattersburg"]

1. d4 Nf6 2. c4 g6 3. Nc3 Bg7 4. e4 d6 5. Nf3 O-O 6. Be2 e5 7. O-O Nc6 8. dxe5
dxe5 9. Bg5 Qxd1 10. Rfxd1 h6 11. Be3 Kh7 12. h3 Be6 13. Nd5 Rac8 14. Bd3 Nd7
15. Bc2 f5 16. Rac1 Rf7 17. a3 Nd8 18. exf5 Bxf5 19. Nc3 Ne6 20. b4 Nb6 21. Bb3
c5 22. Nb5 Rff8 23. Nxa7 Ra8 24. Nb5 Nd4 25. Bxd4 cxd4 26. c5 Na4 27. Bd5 Rab8
28. Re1 d3 29. Rcd1 Rfd8 1/2-1/2

[Event "2. Bundesliga Ost 2016/2017"]
[Site "alle Wien"]
[Date "2016.12.03"]
[Round "5"]
[Board "2"]
[White "Certek, Pavel"]
[Black "Wcislo, Damian"]
[Result "1/2-1/2"]
[WhiteElo "2249"]
[BlackElo "2304"]
[PlyCount "115"]
[EventDate "2016.10.15"]
[EventType "team"]
[EventRounds "11"]
[EventCountry "AUT"]
[WhiteTeam "ASVOE Mattersburg"]
[BlackTeam "tschaturanga"]

1. c4 e5 2. g3 Nc6 3. Bg2 f5 4. Nc3 Nf6 5. e3 g6 6. d4 d6 7. Nge2 Bg7 8. b4 O-O
9. Rb1 e4 10. O-O g5 11. f3 exf3 12. Bxf3 Ne7 13. Bg2 h6 14. d5 a5 15. a3 Ng4
16. Nb5 axb4 17. axb4 Bd7 18. Nbd4 Qe8 19. b5 Qh5 20. h3 Ne5 21. b6 Rfc8 22.
bxc7 Rxc7 23. Nb5 Bxb5 24. cxb5 Nc4 25. Nd4 Qxd1 26. Rxd1 Nb6 27. e4 fxe4 28.
Ne6 Rc4 29. Nxg7 Kxg7 30. Bb2+ Kg8 31. Re1 Raa4 32. Rbc1 Nexd5 33. Rxc4 Nxc4
34. Bxe4 Nc7 35. Bf6 Kf7 36. Bd8 Nxb5 37. Bd5+ Kf8 38. Bxb7 Ne5 39. Bf6 Ra3 40.
Kg2 Ra2+ 41. Kg1 Nd4 42. Bxe5 dxe5 43. Rxe5 Ne2+ 44. Kf2 Nf4+ 45. Kf3 Nxh3 46.
Kg4 Nf2+ 47. Kh5 Kg7 48. Bd5 Ra6 49. Re7+ Kf6 50. Rf7+ Ke5 51. Rxf2 Kxd5 52.
Re2 Ra3 53. Rg2 Ke4 54. Kg4 Ke3 55. Rb2 Ra4+ 56. Kh3 h5 57. Rb3+ Ke4 58. Rb5
 1/2-1/2

[Event "2. Bundesliga Ost 2016/2017"]
[Site "alle Wien"]
[Date "2016.12.03"]
[Round "5"]
[Board "3"]
[White "Sadilek, Peter"]
[Black "Petran, Peter"]
[Result "1/2-1/2"]
[WhiteElo "2274"]
[BlackElo "2306"]
[PlyCount "90"]
[EventDate "2016.10.15"]
[EventType "team"]
[EventRounds "11"]
[EventCountry "AUT"]
[WhiteTeam "tschaturanga"]
[BlackTeam "ASVOE Mattersburg"]

1. d4 f5 2. g3 g6 3. Bg2 Bg7 4. c3 d6 5. h4 Nf6 6. Bg5 Nc6 7. Nd2 e5 8. Bxc6+
bxc6 9. dxe5 dxe5 10. Qa4 Qd5 11. O-O-O O-O 12. Ngf3 Ng4 13. Rhf1 h6 14. Be7
Re8 15. Bb4 Qb5 16. Qxb5 cxb5 17. Nb3 Be6 18. Na5 Rac8 19. Nc6 Ra8 20. Na5 a6
21. Bc5 Bf6 22. Ne1 Bg7 23. Nd3 Nf6 24. Nxe5 Ne4 25. Nd3 Bxa2 26. Be3 Nxg3 27.
Rfe1 Ne4 28. Nf4 Bf7 29. Rd7 g5 30. hxg5 hxg5 31. Rg1 Kf8 32. Nd5 f4 33. f3 Ng3
34. Bc5+ Kg8 35. Ne7+ Rxe7 36. Rxe7 Bf8 37. Kb1 Bg6+ 38. Ka2 Bxe7 39. Bxe7 Kh7
40. Bxg5 Nxe2 41. Rd1 Bf5 42. Nc6 Rg8 43. Bd8 Rg1 44. Rxg1 Nxg1 45. Bxc7 Nxf3
 1/2-1/2

[Event "2. Bundesliga Ost 2016/2017"]
[Site "alle Wien"]
[Date "2016.12.03"]
[Round "5"]
[Board "4"]
[White "Salamon, Werner"]
[Black "Sadilek, Maximilian"]
[Result "1-0"]
[WhiteElo "2157"]
[BlackElo "2258"]
[PlyCount "53"]
[EventDate "2016.10.15"]
[EventType "team"]
[EventRounds "11"]
[EventCountry "AUT"]
[WhiteTeam "ASVOE Mattersburg"]
[BlackTeam "tschaturanga"]

1. e4 c5 2. Nf3 d6 3. d4 cxd4 4. Nxd4 Nc6 5. Nc3 Nf6 6. Be2 e5 7. Nb3 Be7 8.
Be3 O-O 9. O-O Be6 10. Qd2 a5 11. a4 Nb4 12. Bf3 Rc8 13. Rac1 b6 14. Rfd1 Ng4
15. Bxg4 Bxg4 16. f3 Be6 17. Qf2 Rb8 18. Nb5 f5 19. exf5 Rxf5 20. c4 Rf8 21.
Qe2 Bf5 22. Rd2 h6 23. Rcd1 Rf6 24. Bf2 Kh8 25. Bh4 g5 26. Bg3 Re6 27. Nxd6 1-0

[Event "2. Bundesliga Ost 2016/2017"]
[Site "alle Wien"]
[Date "2016.12.03"]
[Round "5"]
[Board "5"]
[White "Chirita-Mihaila, Marius-Consta"]
[Black "Strodl, Joachim"]
[Result "1/2-1/2"]
[WhiteElo "2152"]
[BlackElo "2138"]
[PlyCount "40"]
[EventDate "2016.10.15"]
[EventType "team"]
[EventRounds "11"]
[EventCountry "AUT"]
[WhiteTeam "tschaturanga"]
[BlackTeam "ASVOE Mattersburg"]

1. c4 g6 2. g3 Bg7 3. Bg2 e5 4. e4 Nc6 5. Nc3 d6 6. d3 Nf6 7. Nge2 O-O 8. O-O
Bd7 9. h3 a5 10. Be3 Qc8 11. Kh2 Nh5 12. d4 exd4 13. Nxd4 Ne5 14. b3 Nf6 15.
Nd5 Re8 16. Nxf6+ Bxf6 17. Rc1 Nc6 18. Nxc6 Bxc6 19. Bd4 Qe6 20. Re1 b6 1/2-1/2

[Event "2. Bundesliga Ost 2016/2017"]
[Site "alle Wien"]
[Date "2016.12.03"]
[Round "5"]
[Board "6"]
[White "Braun, Karl-Heinz"]
[Black "Morgunov, Marc"]
[Result "0-1"]
[WhiteElo "2034"]
[BlackElo "1969"]
[PlyCount "90"]
[EventDate "2016.10.15"]
[EventType "team"]
[EventRounds "11"]
[EventCountry "AUT"]
[WhiteTeam "ASVOE Mattersburg"]
[BlackTeam "tschaturanga"]

1. c4 Nf6 2. Nc3 g6 3. g3 Bg7 4. Bg2 d6 5. Nf3 O-O 6. d4 Nc6 7. d5 Na5 8. Qd3
c5 9. O-O a6 10. e4 Rb8 11. Re1 b5 12. Nd2 Ng4 13. cxb5 axb5 14. Nf3 b4 15. Nd1
Qb6 16. h3 Ne5 17. Nxe5 Bxe5 18. Be3 Ba6 19. Qc2 b3 20. axb3 Nxb3 21. Rb1 Nd4
22. Bxd4 cxd4 23. Qd2 Rfc8 24. Bf1 Bxf1 25. Kxf1 Qb3 26. Re2 Rc5 27. Rc1 d3 28.
Re1 Rc2 29. Rxc2 Qxc2 30. Qxc2 dxc2 31. Ne3 Rxb2 32. Kg2 Bd4 33. Nxc2 Rxc2 34.
Rf1 Kg7 35. g4 Kf6 36. Kg3 Rxf2 37. Rxf2+ Bxf2+ 38. Kxf2 Ke5 39. Ke3 g5 40. Kd3
Kf4 41. Kd4 Kg3 42. e5 Kxh3 43. e6 fxe6 44. dxe6 Kxg4 45. Kd5 Kf5 0-1

[Event "2. Bundesliga Ost 2016/2017"]
[Site "alle Wien"]
[Date "2016.12.03"]
[Round "5"]
[Board "1"]
[White "Bachofner, Andreas"]
[Black "Videki, Sandor"]
[Result "1/2-1/2"]
[WhiteElo "2214"]
[BlackElo "2421"]
[PlyCount "81"]
[EventDate "2016.10.15"]
[EventType "team"]
[EventRounds "11"]
[EventCountry "AUT"]
[WhiteTeam "Blackburne Nickelsdorf 2"]
[BlackTeam "SC Data Technology Pressbaum/E."]

1. e4 c5 2. Nf3 d6 3. d4 cxd4 4. Nxd4 Nf6 5. Nc3 Nc6 6. Bg5 e6 7. Qd2 a6 8.
O-O-O Bd7 9. f3 Be7 10. Be3 O-O 11. g4 Nxd4 12. Bxd4 Bc6 13. Kb1 b5 14. g5 Nd7
15. h4 b4 16. Ne2 Ne5 17. Rh3 a5 18. Nc1 Qc7 19. f4 Nd7 20. Bd3 e5 21. Be3 exf4
22. Bxf4 Ne5 23. h5 Bd7 24. Rg3 Rfc8 25. Rdg1 Be8 26. Ne2 a4 27. Nd4 Ra5 28.
Nf5 Bf8 29. Qh2 Rc5 30. g6 fxg6 31. Bxe5 dxe5 32. hxg6 hxg6 33. Rxg6 Bxg6 34.
Rxg6 b3 35. Qh5 bxc2+ 36. Kc1 Qa5 37. Nh6+ Kh7 38. Ng4+ Kg8 39. Nh6+ Kh7 40.
Ng4+ Kg8 41. Nh6+ 1/2-1/2

[Event "2. Bundesliga Ost 2016/2017"]
[Site "alle Wien"]
[Date "2016.12.03"]
[Round "5"]
[Board "2"]
[White "Rumpl, Erwin"]
[Black "Bury, Rastislav"]
[Result "1/2-1/2"]
[WhiteElo "2317"]
[BlackElo "2159"]
[PlyCount "87"]
[EventDate "2016.10.15"]
[EventType "team"]
[EventRounds "11"]
[EventCountry "AUT"]
[WhiteTeam "SC Data Technology Pressbaum/E."]
[BlackTeam "Blackburne Nickelsdorf 2"]

1. Nf3 Nf6 2. g3 g6 3. b3 Bg7 4. Bb2 O-O 5. Bg2 d5 6. c4 c6 7. O-O a6 8. Qc2
Nbd7 9. d3 Re8 10. Nbd2 e5 11. cxd5 Nxd5 12. e4 Nb4 13. Qc3 c5 14. a3 Nc6 15.
Nc4 Nf8 16. a4 Bg4 17. a5 Qf6 18. Nb6 Rad8 19. Nd5 Qd6 20. Ba3 Ne6 21. Rfc1
Bxf3 22. Bxf3 Ncd4 23. Bd1 Rc8 24. b4 Nb5 25. bxc5 Qf8 26. Qb4 Nxa3 27. Qxa3
Rxc5 28. Rcb1 Rb5 29. Qxf8+ Rxf8 30. Bb3 Nc5 31. Bc4 Rxb1+ 32. Rxb1 Rd8 33. Re1
Bf8 34. f4 Bd6 35. Kg2 Kg7 36. f5 gxf5 37. exf5 f6 38. Kf3 Rc8 39. Rb1 Bc7 40.
Nb6 Rd8 41. Ke3 Rd6 42. Nc8 Rd8 43. Nb6 Rd6 44. Nc8 1/2-1/2

[Event "2. Bundesliga Ost 2016/2017"]
[Site "alle Wien"]
[Date "2016.12.03"]
[Round "5"]
[Board "3"]
[White "Koffler, Daniel"]
[Black "Weissenbeck, Manuel"]
[Result "0-1"]
[WhiteElo "2152"]
[BlackElo "2229"]
[PlyCount "44"]
[EventDate "2016.10.15"]
[EventType "team"]
[EventRounds "11"]
[EventCountry "AUT"]
[WhiteTeam "Blackburne Nickelsdorf 2"]
[BlackTeam "SC Data Technology Pressbaum/E."]

1. e4 c5 2. Nf3 d6 3. d4 cxd4 4. Nxd4 Nf6 5. Nc3 a6 6. Nb3 Nc6 7. Be3 e6 8. g4
Be7 9. g5 Nd7 10. f4 b5 11. Bg2 Bb7 12. a4 b4 13. Ne2 e5 14. O-O Nb6 15. Nd2 a5
16. Kh1 O-O 17. Qe1 exf4 18. Nxf4 Bxg5 19. Qf2 Nd7 20. Nc4 Nde5 21. Nxe5 Nxe5
22. Qg3 Bh4 0-1

[Event "2. Bundesliga Ost 2016/2017"]
[Site "alle Wien"]
[Date "2016.12.03"]
[Round "5"]
[Board "4"]
[White "Neumeier, Klaus"]
[Black "Rongitsch, Thomas"]
[Result "1-0"]
[WhiteElo "2286"]
[BlackElo "2092"]
[PlyCount "59"]
[EventDate "2016.10.15"]
[EventType "team"]
[EventRounds "11"]
[EventCountry "AUT"]
[WhiteTeam "SC Data Technology Pressbaum/E."]
[BlackTeam "Blackburne Nickelsdorf 2"]

1. Nf3 d5 2. c4 e6 3. g3 Nf6 4. Bg2 Be7 5. O-O O-O 6. d4 dxc4 7. Ne5 Nc6 8.
Nxc6 bxc6 9. Na3 Rb8 10. Nxc4 c5 11. Na5 Bd7 12. Nb7 Qc8 13. Nxc5 Bb5 14. a4
Bxc5 15. axb5 Rd8 16. e3 Bb6 17. Qc2 e5 18. dxe5 Ng4 19. Bd2 Nxe5 20. Bc3 Re8
21. Ra4 Qd7 22. Rd1 Qe6 23. Rh4 Ng6 24. Re4 Qc8 25. Rxe8+ Qxe8 26. Qf5 Rd8 27.
Rxd8 Qxd8 28. Bd5 Qe8 29. h4 Nf8 30. Qg5 1-0

[Event "2. Bundesliga Ost 2016/2017"]
[Site "alle Wien"]
[Date "2016.12.03"]
[Round "5"]
[Board "5"]
[White "Bachofner, Christian"]
[Black "Hechl, Gerald"]
[Result "0-1"]
[WhiteElo "2030"]
[BlackElo "2251"]
[PlyCount "72"]
[EventDate "2016.10.15"]
[EventType "team"]
[EventRounds "11"]
[EventCountry "AUT"]
[WhiteTeam "Blackburne Nickelsdorf 2"]
[BlackTeam "SC Data Technology Pressbaum/E."]

1. e4 e6 2. d4 d5 3. Nc3 h6 4. Nf3 Nf6 5. Bd3 Bb4 6. exd5 exd5 7. a3 Bxc3+ 8.
bxc3 O-O 9. O-O Nc6 10. Re1 Bg4 11. h3 Bh5 12. g4 Bg6 13. Bxg6 fxg6 14. Qd3 Ne4
15. c4 Rxf3 16. Qxf3 Nxd4 17. Qd3 Qf6 18. f4 Nc5 19. Qd1 dxc4 20. Be3 Rd8 21.
Rb1 Nce6 22. Rf1 b6 23. Rf2 Nb5 24. Rd2 Nc3 25. Rxd8+ Nxd8 26. Bd4 Qxd4+ 27.
Qxd4 Ne2+ 28. Kf2 Nxd4 29. Rd1 N8e6 30. c3 Nb5 31. f5 gxf5 32. gxf5 Nc5 33. Ke3
Nd3 34. Rg1 Kf7 35. Rg4 Nd6 36. Kd4 Nxf5+ 0-1

[Event "2. Bundesliga Ost 2016/2017"]
[Site "alle Wien"]
[Date "2016.12.03"]
[Round "5"]
[Board "6"]
[White "Lucaci, Marius"]
[Black "Gratze, Michael"]
[Result "1/2-1/2"]
[WhiteElo "2168"]
[BlackElo "2019"]
[PlyCount "108"]
[EventDate "2016.10.15"]
[EventType "team"]
[EventRounds "11"]
[EventCountry "AUT"]
[WhiteTeam "SC Data Technology Pressbaum/E."]
[BlackTeam "Blackburne Nickelsdorf 2"]

1. e4 c5 2. Nf3 d6 3. d4 cxd4 4. Nxd4 Nf6 5. Nc3 g6 6. Be2 Bg7 7. O-O O-O 8.
Bg5 Nc6 9. Nb3 Be6 10. Qd2 Ne5 11. Nd4 Rc8 12. Nxe6 fxe6 13. Qd4 Qa5 14. Be3
Nfd7 15. Qd1 Qb4 16. Rb1 Nc4 17. Bxc4 Qxc4 18. Qd3 Ne5 19. Qxc4 Nxc4 20. Nd1 d5
21. c3 Nxe3 22. Nxe3 d4 23. cxd4 Bxd4 24. Rfe1 e5 25. Re2 e6 26. f3 Rc7 27. Rd1
Rfc8 28. Kf1 h5 29. h3 Kf8 30. b3 b5 31. Ke1 Rc3 32. Nf1 Rc2 33. Ng3 Ke7 34.
Nh1 Rxe2+ 35. Kxe2 Rc2+ 36. Rd2 Rxd2+ 37. Kxd2 h4 38. g3 g5 39. Ke2 Kd6 40.
gxh4 gxh4 41. Nf2 Bxf2 42. Kxf2 Kc5 43. Ke3 Kb4 44. f4 exf4+ 45. Kxf4 Ka3 46.
Ke5 Kxa2 47. Kxe6 Kxb3 48. Kd5 Kc3 49. e5 b4 50. e6 b3 51. e7 b2 52. e8=Q b1=Q
53. Qe5+ Kd2 54. Qf4+ Ke2 1/2-1/2

[Event "2. Bundesliga Ost 2016/2017"]
[Site "alle Wien"]
[Date "2016.12.03"]
[Round "5"]
[Board "1"]
[White "Polak, Tomas"]
[Black "Stanec, Nikolaus"]
[Result "1-0"]
[WhiteElo "2505"]
[BlackElo "2444"]
[PlyCount "57"]
[EventDate "2016.10.15"]
[EventType "team"]
[EventRounds "11"]
[EventCountry "AUT"]
[WhiteTeam "SK Hietzing"]
[BlackTeam "SC Donaustadt"]

1. d4 Nf6 2. c4 e6 3. Nf3 d5 4. Nc3 Nbd7 5. cxd5 exd5 6. Bf4 c6 7. e3 Be7 8. h3
Nf8 9. Bd3 Ng6 10. Bh2 O-O 11. Qc2 Re8 12. O-O Bd6 13. Bxd6 Qxd6 14. Rab1 a5
15. Rfc1 Be6 16. a3 Qe7 17. Na4 Ne4 18. Nc5 Bc8 19. Re1 Nh4 20. Nxh4 Qxh4 21.
b4 axb4 22. axb4 Ng5 23. Bf5 b5 24. Ra1 Rxa1 25. Rxa1 Ne4 26. Bxe4 dxe4 27. Ra8
f5 28. Qa2+ Kf8 29. Ne6+ 1-0

[Event "2. Bundesliga Ost 2016/2017"]
[Site "alle Wien"]
[Date "2016.12.03"]
[Round "5"]
[Board "2"]
[White "Kummer, Helmut"]
[Black "Pisk, Petr"]
[Result "1-0"]
[WhiteElo "2299"]
[BlackElo "2349"]
[PlyCount "63"]
[EventDate "2016.10.15"]
[EventType "team"]
[EventRounds "11"]
[EventCountry "AUT"]
[WhiteTeam "SC Donaustadt"]
[BlackTeam "SK Hietzing"]

1. d4 d5 2. c4 e6 3. Nc3 c5 4. cxd5 cxd4 5. Qa4+ Bd7 6. Qxd4 exd5 7. Qxd5 Nc6
8. e3 Nf6 9. Qb3 Bc5 10. Nf3 Qe7 11. Be2 O-O-O 12. O-O Rhg8 13. Bd2 Kb8 14.
Rfd1 g5 15. Na4 Bd6 16. Nc3 Bc5 17. Be1 g4 18. Nd4 Ne5 19. Rac1 Rg5 20. Na4
Bxd4 21. Rxd4 Nf3+ 22. Bxf3 gxf3 23. g3 Rc8 24. Rxc8+ Bxc8 25. Bb4 Qe8 26. Bd6+
Ka8 27. Nc3 Be6 28. Qd1 Qc6 29. Be7 Rg6 30. Rd6 Qc4 31. Rd8+ Bc8 32. Qd4 1-0

[Event "2. Bundesliga Ost 2016/2017"]
[Site "alle Wien"]
[Date "2016.12.03"]
[Round "5"]
[Board "4"]
[White "Schwab, Lukas"]
[Black "Vyskocil, Neklan"]
[Result "1/2-1/2"]
[WhiteElo "2087"]
[BlackElo "2332"]
[PlyCount "176"]
[EventDate "2016.10.15"]
[EventType "team"]
[EventRounds "11"]
[EventCountry "AUT"]
[WhiteTeam "SC Donaustadt"]
[BlackTeam "SK Hietzing"]

1. e4 c5 2. Nf3 Nc6 3. d4 cxd4 4. Nxd4 g6 5. c4 Bg7 6. Be3 Nf6 7. Nc3 O-O 8.
Be2 d6 9. Qd2 Bd7 10. f3 Qa5 11. Rc1 Nxd4 12. Bxd4 Bc6 13. O-O Rfc8 14. Rfd1
Nd7 15. Be3 Qd8 16. b3 a5 17. Qe1 Qf8 18. Qf2 h5 19. Nd5 Bxd5 20. exd5 Bf6 21.
Bd3 Qg7 22. Re1 a4 23. b4 Bc3 24. Bd2 Bxd2 25. Qxd2 Qd4+ 26. Qe3 Qxe3+ 27. Rxe3
Kf8 28. Be2 Rc7 29. Rec3 Rac8 30. R3c2 a3 31. Kf2 Ra8 32. Rb1 Nb6 33. Bd3 Na4
34. Rb3 Nb2 35. Be2 Ke8 36. Rcc3 Rac8 37. Rxa3 Nxc4 38. Ra7 Nb6 39. Rd3 Ra8 40.
Rxa8+ Nxa8 41. Rd4 Nb6 42. a4 Rc2 43. Ke3 Kd8 44. a5 Nd7 45. Rc4 Ra2 46. Rd4
Nf6 47. g3 Ra1 48. h4 Ra4 49. Kf2 Ra3 50. Bc4 Nd7 51. Rd3 Ra4 52. Rb3 Ra1 53.
Be2 Ne5 54. Rb2 Ra3 55. Rd2 Kc7 56. Rb2 Kb8 57. Rd2 Rc3 58. Kg2 Kc7 59. Kf2 f5
60. b5 Nc4 61. Bxc4 Rxc4 62. Re2 Kd7 63. Re6 Rc5 64. a6 Rxb5 65. axb7 Rxb7 66.
Rxg6 Rb5 67. Rg5 Rxd5 68. Rxh5 Ke6 69. Rh8 Ke5 70. Re8 Kf6 71. Ke3 Ra5 72. h5
Ra3+ 73. Kf2 Ra2+ 74. Ke3 Rg2 75. Rg8 Rh2 76. Rh8 Rh3 77. Kf2 Rh2+ 78. Ke3 Kg7
79. Re8 Kf7 80. Rh8 e5 81. h6 Rh3 82. Kf2 d5 83. h7 d4 84. Rd8 Rxh7 85. f4 Rh2+
86. Kg1 Re2 87. fxe5 Re4 88. Rd6 Ke7 1/2-1/2

[Event "2. Bundesliga Ost 2016/2017"]
[Site "alle Wien"]
[Date "2016.12.03"]
[Round "5"]
[Board "5"]
[White "Djeno, Drago"]
[Black "Karlusch, Albrecht"]
[Result "0-1"]
[WhiteElo "2224"]
[BlackElo "2142"]
[PlyCount "150"]
[EventDate "2016.10.15"]
[EventType "team"]
[EventRounds "11"]
[EventCountry "AUT"]
[WhiteTeam "SK Hietzing"]
[BlackTeam "SC Donaustadt"]

1. c4 e6 2. Nf3 d5 3. b3 Nf6 4. g3 b6 5. Bg2 Bb7 6. O-O c5 7. cxd5 exd5 8. d4
Nbd7 9. Nc3 Rc8 10. Bb2 Be7 11. dxc5 bxc5 12. Qd3 O-O 13. e3 Qa5 14. Rfd1 c4
15. bxc4 dxc4 16. Qc2 Nc5 17. Rab1 Bxf3 18. Bxf3 Nd3 19. Ba1 Qf5 20. Qe2 Bb4
21. a4 Bxc3 22. Bxc3 Ne4 23. Bxe4 Qxe4 24. Rb5 f5 25. Rdb1 Rc6 26. Rb8 Rg6 27.
Rxf8+ Kxf8 28. Qa2 f4 29. Rb8+ Kf7 30. Qa3 Qe7 31. Qxe7+ Kxe7 32. exf4 Nxf4 33.
Kf1 Nd5 34. Bd4 Rc6 35. Ke2 c3 36. Kd1 Rc4 37. Be3 Rxa4 38. Rb7+ Kf6 39. Bxa7
Rc4 40. Kc1 Nb4 41. Be3 c2 42. Rxb4 Rxb4 43. Kxc2 Ke5 44. f3 Kd5 45. Bd2 Ra4
46. Kd3 g6 47. h4 Rd4+ 48. Ke3 Kc4 49. Bc1 Rd1 50. Bb2 Rd3+ 51. Kf4 Rb3 52. Be5
Rb5 53. Ke4 Rb1 54. g4 Re1+ 55. Kf4 Kd3 56. Bg7 Re7 57. Bf6 Rf7 58. g5 Ra7 59.
Kg4 Rb7 60. h5 Rb1 61. hxg6 hxg6 62. Be5 Ke3 63. Bf4+ Ke2 64. Be5 Rg1+ 65. Kf4
Rf1 66. Ke4 Rxf3 67. Bf4 Rf1 68. Be5 Rf5 69. Bf6 Kf2 70. Bd8 Kg3 71. Be7 Kg4
72. Bf6 Rxg5 73. Bxg5 Kxg5 74. Kf3 Kh4 75. Kg2 Kg4 0-1

[Event "2. Bundesliga Ost 2016/2017"]
[Site "alle Wien"]
[Date "2016.12.03"]
[Round "5"]
[Board "6"]
[White "Sekyra, Michael"]
[Black "Todor, Razvan"]
[Result "1-0"]
[WhiteElo "2099"]
[BlackElo "2164"]
[PlyCount "87"]
[EventDate "2016.10.15"]
[EventType "team"]
[EventRounds "11"]
[EventCountry "AUT"]
[WhiteTeam "SC Donaustadt"]
[BlackTeam "SK Hietzing"]

1. e4 d5 2. exd5 Nf6 3. d4 Bg4 4. Nf3 Qxd5 5. Nc3 Qf5 6. Bd3 Qh5 7. Bf4 Nc6 8.
Bb5 Nd5 9. Bxc6+ bxc6 10. Nxd5 Qxd5 11. Bxc7 Rc8 12. Bg3 Qe4+ 13. Qe2 Bxf3 14.
gxf3 Qxd4 15. Qa6 Qd7 16. O-O Qh3 17. Rfd1 h5 18. Rd4 Rh6 19. Rad1 e5 20. Rd7
Qxd7 21. Rxd7 Kxd7 22. Bxe5 Bd6 23. Bxd6 Rxd6 24. Qxa7+ Ke8 25. b4 Rcd8 26. a4
h4 27. h3 Rg6+ 28. Kf1 Rd1+ 29. Ke2 Rd7 30. Qb8+ Rd8 31. Qf4 Re6+ 32. Kf1 Rd1+
33. Kg2 Rg6+ 34. Kh2 Kf8 35. Qb8+ Ke7 36. f4 Rdg1 37. Qe5+ Kd7 38. Qe4 Kc7 39.
f5 R6g5 40. b5 cxb5 41. axb5 g6 42. f4 R5g3 43. Qc6+ Kd8 44. Qb6+ 1-0

[Event "2. Bundesliga Ost 2016/2017"]
[Site "alle Wien"]
[Date "2017.01.14"]
[Round "6"]
[Board "1"]
[White "Weinzettl, Ernst"]
[Black "Stanec, Nikolaus"]
[Result "1/2-1/2"]
[WhiteElo "2274"]
[BlackElo "2444"]
[PlyCount "72"]
[EventDate "2016.10.15"]
[EventType "team"]
[EventRounds "11"]
[EventCountry "AUT"]
[WhiteTeam "ASVOE VHS Poechlarn"]
[BlackTeam "SC Donaustadt"]

1. e4 d5 2. exd5 Qxd5 3. Nc3 Qd8 4. d4 Nf6 5. Bg5 h6 6. Bh4 c6 7. Qd2 Bf5 8.
Nf3 e6 9. Bd3 Bxd3 10. Qxd3 Nbd7 11. O-O Be7 12. Rad1 O-O 13. Ne5 Nd5 14. Bxe7
Qxe7 15. Nxd7 Qxd7 16. Ne4 Qd8 17. Rfe1 Nf6 18. Nxf6+ Qxf6 19. Qe4 Rad8 20. c3
Rd5 21. Rd3 Qf5 22. Qxf5 Rxf5 23. Re5 Rf6 24. f3 Rd8 25. Kf2 Kf8 26. Ke3 g5 27.
c4 Ke7 28. b4 Rd7 29. a4 Rg6 30. b5 Rg8 31. bxc6 bxc6 32. Rc5 Kd6 33. Rb3 Re8
34. a5 f6 35. a6 e5 36. Ra5 exd4+ 1/2-1/2

[Event "2. Bundesliga Ost 2016/2017"]
[Site "alle Wien"]
[Date "2017.01.14"]
[Round "6"]
[Board "2"]
[White "Pingitzer, Harald"]
[Black "Ganaus, Hannes"]
[Result "0-1"]
[WhiteElo "2314"]
[BlackElo "2277"]
[PlyCount "110"]
[EventDate "2016.10.15"]
[EventType "team"]
[EventRounds "11"]
[EventCountry "AUT"]
[WhiteTeam "SC Donaustadt"]
[BlackTeam "ASVOE VHS Poechlarn"]

1. Nf3 Nf6 2. d4 e6 3. e3 d5 4. Nbd2 b6 5. Bd3 Bb7 6. O-O Nbd7 7. c4 Be7 8. Qc2
O-O 9. b3 c5 10. cxd5 exd5 11. Bb2 Rc8 12. Qb1 g6 13. Rd1 Qc7 14. h3 a6 15. Ne5
Nxe5 16. dxe5 Nd7 17. Nf3 Qc6 18. Rc1 Qe6 19. e4 b5 20. exd5 Bxd5 21. Be4 Nb6
22. Bxd5 Nxd5 23. Qe4 Rfd8 24. Rd1 Qf5 25. Qxf5 gxf5 26. Kf1 Nf4 27. Bc3 Kf8
28. g3 Ne6 29. Ba5 Rxd1+ 30. Rxd1 Ke8 31. Ke2 Rc6 32. Bd2 c4 33. bxc4 Rxc4 34.
Rc1 Ra4 35. Rc2 Kd7 36. Be3 h5 37. Bb6 h4 38. Kf1 Ra3 39. Kg2 hxg3 40. fxg3 b4
41. Nd2 Rc3 42. Rxc3 bxc3 43. Nb3 Kc6 44. Be3 Kd5 45. h4 Kxe5 46. Kf3 Kd5 47.
Ke2 Ke4 48. h5 Bd6 49. Bf2 f4 50. h6 fxg3 51. h7 Nf4+ 52. Kf1 Ng6 53. Be1 Be5
54. Kg2 Nf4+ 55. Kf1 Kf3 0-1